000 00275nam a2200109Ia 4500
008 190216s9999||||xx |||||||||||||| ||und||
100 _aAlexier V & Translated By Uvarov E
245 0 _aQualitative Analysis
260 _bMir Pubs Moscow
650 _aChemistry
942 _cBK
999 _c2109
_d2109